00657nam a2200157Ia 4500008004100000020001800041050002200059100002200081245010700103260003600210300001800246650005200264700006700316952009900383999001700482120626s9999 xx 000 0 und d a84-481-4063-X aC QA76.76O63 P484 aPETERSEN, Richard aRed hat linux : Manual del administrador / Richard Petersen, Ibrahim Haddad; tr. Antonio Lirola Terrez aMadrid ; México : McGraw Hill aXVIII, 296 p. a1. LINUX 2. SISTEMAS OPERATIVOS (COMPUTADORAS) aI. Haddad, Ibrahim, coaut. II. Lirola Terrez, Antonio, tr.Ì 00104070a09b09d2007-06-07l0oC QA76.76O63 P484p09 001798r2012-06-26t1w2012-06-26yLB c63938d63938